Mentalidad divorcista y consentimiento matrimonial
Guardat en:
| Autor principal: | |
|---|---|
| Format: | Llibre |
| Idioma: | espanyol |
| Publicat: |
Salamanca, España
Consejo Superior de Investigaciones Científicas
1982
|
| Matèries: | |
| Etiquetes: |
Afegir etiqueta
Sense etiquetes, Sigues el primer a etiquetar aquest registre!
|
MARC
| LEADER | 00000nam a2200000 a 4500 | ||
|---|---|---|---|
| 001 | UCV0099 | ||
| 003 | CL-VaPUC | ||
| 005 | 20200728182940.0 | ||
| 008 | 880324e19820000SP |||||||||||||||||spa|d | ||
| 999 | |c 208840 |d 208838 | ||
| 040 | |c Pontificia Universidad Católica de Valparaíso | ||
| 082 | 0 | 4 | |a 262.934 ALD 1982 |2 21 |
| 100 | 0 | |a Aldanondo Salaverría, María Isabel |e author |9 294821 | |
| 245 | 1 | 0 | |a Mentalidad divorcista y consentimiento matrimonial |
| 260 | |a Salamanca, España |b Consejo Superior de Investigaciones Científicas |c 1982 | ||
| 300 | |a 236 páginas | ||
| 583 | |a last modification |c 19880324 00:00:00 |k Rodrigo Vera | ||
| 650 | 7 | |a MATRIMONIO |2 CL-VaPUC |9 294822 | |
| 650 | 7 | |a DERECHO CANONICO |2 CL-VaPUC |9 294823 | |
| 650 | 7 | |a NULIDAD DEL MATRIMONIO |2 CL-VaPUC |9 294824 | |
| 852 | |a BIBDER | ||
| 942 | |c BK |2 ddc | ||
| 945 | |d 19880324 00:00:00 | ||
| 952 | |0 0 |1 0 |4 0 |6 262_934000000000000_ALD_1982 |7 0 |8 A |9 183780 |a BIBDER |b BIBDER |d 2019-11-14 |i 2501619 |o 262.934 ALD 1982 |p 2501619 |r 2023-01-25 |w 2019-11-14 |y BK |k DER | ||